000 00682nam a2200229 a 4500
001 BRCA_3606
005 20190320204342.0
008 120809s1960----au-a######---#000-0#ger-#
041 _ager
044 _aau
050 4 _aN1680
_b.K86 1
_c1960
245 1 0 _aKatalog der Gemäldegalerie.
260 _aViena
_bKunsthistorisches Museum
_c1960
300 _axxvii, 170 p. (v.1)
_bil., 96 láminas
_c21 cm.
440 0 _aFührer durch das Kunsthistorische Museum
_v3
_99355
500 _aB275
505 0 _aContenido: v.1. Italiener, Spanier, Franzosen, Engländer
650 1 4 _aArte
_zViena
_99356
650 1 4 _aGalerías y museos
_zAustria
_97952
902 _aGFM
942 _2lcc
_cB
999 _c3341
_d3341